Vegetable or City? - Statistics

General Stats
  • This quiz has been taken 30 times
  • The average score is 7 of 12
Answer Stats
Question Answer % Correct
Bhakkar / بھکر City
63%
Mandi Bahauddin / مندی بہاؤالدین City
63%
Dadu / دادو City
63%
Shalgham / شلجم Vegetable
63%
Gandana / گندنا Vegetable
58%
Khumbi / کھمبی Vegetable
58%
Chakandar / چقندر Vegetable
58%
Shimlah Mirch / شملہ مرچ Vegetable
58%
Kharian / کھارِیاں City
50%
Gojra / گوجرہ City
50%
Gajar / گاجر Vegetable
50%
Moro / مورو City
46%
No matching quizzes found
Score Distribution
Percent of People with Each Score
Percentile by Number Answered
Your Score History
You have not taken this quiz